00554nam a2200157Ia 4500008004100000020001800041050002100059100003200080245009800112260004600210300002000256440001600276500005200292650001900344700003300363120721s9999 xx 000 0 und d a950-13-6124-1 aLB1025 N443 1969 aNérici, Imídeo Giuseppe aHacia una didáctica general dinámica / Imídeo Giusseppe Nérici ; tr. J. Ricardo Nerv. aBuenos Aires : Argentina : Kapelusz, 1969 a607 p. ; 23 cm. aDidáctica aTraducción de: Introducao a didáctica geral a1. Enseñanza aI. Nervi, J. Ricardo, tr.Ì